Tablas estadísticas : para investigadores científicos, económicos, demográficos y especialmente biológicos, agronómicos y médicos /
Guardado en:
| Autor Principal: | |
|---|---|
| Otros Autores: | |
| Formato: | Libro |
| Idioma: | Spanish English |
| Publicado: |
Madrid :
Aguilar,
c1949.
|
| Etiquetas: |
Agregar Etiqueta
Sin Etiquetas, Sea el primero en etiquetar este registro!
|
| LEADER | 00814nam a22001695a 4500 | ||
|---|---|---|---|
| 001 | MAT.inmabb000573 | ||
| 008 | 031118s1949####sp############001#0#spa#d | ||
| 005 | 20160413121444.0 | ||
| 245 | 1 | 0 | |a Tablas estadísticas : |b para investigadores científicos, económicos, demográficos y especialmente biológicos, agronómicos y médicos / |c Ronald A. Fisher y Frank Yates ; traducidas de la última edición inglesa por Juan Ruiz Magan y Juan José Ruiz Rubio. |
| 260 | |a Madrid : |b Aguilar, |c c1949. | ||
| 300 | |a 133 p. ; |c 30 cm. | ||
| 500 | |a Traducción de: Statistical tables for biological, agricultural and medical research. Edimburgo : Oliver and Boyd. | ||
| 100 | 1 | |a Fisher, Ronald Aylmer, |c Sir, |d 1890-1962. | |
| 700 | 1 | |a Yates, Frank. | |
| 084 | |a 62Q05 |2 msc2000 | ||
| 041 | 1 | |a spa |h eng | |
| 859 | |h 62 |i F533e |p A-377 |b BIB. MATEMATICA | ||
